000 01331nam a2200373 i 4500
001 27955
003 KOSZ 005
005 20210318150027.0
008 000320s1979 pl a |000 0 pol
015 _aPB 1980/2569
035 _a(OCoLC)830236414
040 _aWA N
_cWA N
_dKOSZ 005/HR
041 0 _apol
046 _k1979
080 _a519.863
080 _a62-52
080 _a(075.8)
100 1 _aMilkiewicz, Franciszek
_d(1929- )
_eAutor
245 1 0 _aWstęp do metod optymalizacji i identyfikacji obiektów przemysłowych :
_bskrypt [...] dla studentów VI semestru Wydziału Elektrycznego, do przedmiotu "Podstawy teorii sterowania i modelowania" /
_cFranciszek Milkiewicz ; Politechnika Gdańska.
260 _aGdańsk :
_bWydaw. PG,
_c1979.
300 _a101 s. :
_bil.. tab., wykr. ;
_c24 cm.
380 _aKsiążki
388 _a1901-2000
388 _a1945-1989
504 _aBibliogr. s. 100-101.
650 4 _aOptymalizacja
650 4 _aModele matematyczne
650 4 _aSterowanie
655 4 _aPodręczniki akademickie
658 _aInżynieria i technika
710 2 _aWydawnictwo Politechniki Gdańskiej
_4pbl.
856 _uhttp://koha.tu.koszalin.pl/cgi-bin/koha/opac-detail.pl?biblionumber=27955
_yKatalog online BPK
942 _2UKD
_cKS
999 _c27955
_d27955